| 000 | 01841cam a22002174a 4500 | ||
|---|---|---|---|
| 005 | 20250605164331.0 | ||
| 008 | 250528s ||||||||||||||||||||||||d | ||
| 035 | _a23221 | ||
| 020 | _a9789601218465 | ||
| 040 |
_aGR-AtMCL _bgre _dGR-AtMCL _eAACR2 |
||
| 245 | 1 | _aΓενετικά Σύνδρομα Νοητικής Καθυστέρησης | |
| 250 | _a1η | ||
| 260 |
_bUniversity Studio Press, _c2009 |
||
| 300 | _a208 | ||
| 520 | _aΤο βιβλίο αυτό, αποτελεί μια σύντομη ανασκόπηση σύγχρονων ερευνητικών δεδομένων της αναπτυξιακής προσέγγισης πάνω σε συγκεκριμένα γενετικά σύνδρομα νοητικής καθυστέρησης. Χαιρετισμός, Preface, Πρόλογος, Εισαγωγή στη Νοητική Καθυστέρηση, Έννοια και Φύση της Νοητικής Καθυστέρησης: Ταξινόμηση και Αιτιολογία και Σύνοδα Προβλήματα, Ο Ρόλος των Γνωστικών Θεωριών στη Μάθηση των Ατόμων με Νοητική Καθυστέρηση, Νοητική Καθυστέρηση: Το Οικογενειακό Περιβάλλον, Γενετικά Σύνδρομα Νοητικής Καθυστέρησης: Νευροψυχολογικό Πρότυπο και Εκπαιδευτικές Πρακτικές, Σύνδρομο Turner, Σύνδρομο Williams, Σύνδρομο Prader - Willi, Σύνδρομο Εύθραυστου Χ Χρωμοσώματος, Επίλογος, Παράρτημα, Βιβλιογραφία. | ||
| 700 | 1 |
_aΑλευριάδου Αναστασία _96350 |
|
| 700 | 1 |
_aΓκιαούρη Στυλιανή _98804 |
|
| 942 | _cBK | ||
| 999 |
_c8250 _d8250 |
||